Statistics for Guess the Club by its Player

Click here to take the quiz!

General Stats

  • This quiz has been taken 33 times
    (20 since last reset)
  • The average score is 9 of 26

Answer Stats

PlayerClub% Correct
Gerard PiqueBarcelona
100%
PepeReal Madrid
77%
Paul PogbaJuventus
54%
Mesut OzilArsenal
46%
OscarChelsea
46%
Jamie VardyLeicester City
46%
Martin SkrtelLiverpool
46%
Sergio AgueroManchester City
46%
David de GeaManchester United
46%
Harry KaneTottenham Hotspur
46%
Fernando TorresAtletico Madrid
38%
Bastian SchweinstingerManchester United
38%
Zlatan IbrahimovicParis Saint-Germain
38%
Xherdan ShaqiriStoke City
38%
Mats HummelsBayern Munich
23%
Mario BalotelliMilan
23%
Gonzalo HiguainNapoli
23%
Iker CasillasPorto
23%
CokeSevilla
23%
Diego AlvesValencia
15%
LuisaoBenfica
8%
FabinhoMonaco
8%
Oscar HiljemarkPalermo
8%
Sidney SamSchalke
8%
AdrianWest Ham United
8%
Ezequiel GarayZenit Saint Petersburg
8%

Score Distribution

Percentile by Number Answered

Percent of People with Each Score

Your Score History

You have not taken this quiz since the last reset